Cities in the telecommunications age : (Record no. 8533)
[ view plain ]
| 000 -LEADER | |
|---|---|
| fixed length control field | 01160nam a22002892 4500 |
| 001 - CONTROL NUMBER | |
| control field | 0000013592 |
| 005 - DATE AND TIME OF LATEST TRANSACTION | |
| control field | 20151217152126.0 |
| 008 - FIXED-LENGTH DATA ELEMENTS--GENERAL INFORMATION | |
| fixed length control field | 090928s xx 000 0 eng d |
| 020 ## - INTERNATIONAL STANDARD BOOK NUMBER | |
| International Standard Book Number | 0415924421 : |
| 040 ## - CATALOGING SOURCE | |
| Original cataloging agency | KABU |
| Transcribing agency | KABU |
| 245 10 - TITLE STATEMENT | |
| Title | Cities in the telecommunications age : |
| Remainder of title | the fracturing of geographies / |
| Statement of responsibility, etc. | James O. Wheeler, Yuko Aoyama, and Barney Warf, Editors. |
| 250 ## - EDITION STATEMENT | |
| Edition statement | 1st ed. |
| 260 ## - PUBLICATION, DISTRIBUTION, ETC. (IMPRINT) | |
| Place of publication, distribution, etc. | New York : |
| Name of publisher, distributor, etc. | Routledge, |
| Date of publication, distribution, etc. | 2000. |
| 300 ## - PHYSICAL DESCRIPTION | |
| Extent | ix, 350 p. |
| 650 #0 - SUBJECT ADDED ENTRY--TOPICAL TERM | |
| Topical term or geographic name as entry element | Cities and towns |
| General subdivision | Effect of technological innovations on |
| Geographic subdivision | United State. |
| -- | 0000171052 |
| 650 #0 - SUBJECT ADDED ENTRY--TOPICAL TERM | |
| Topical term or geographic name as entry element | Telecommunications |
| General subdivision | Social aspects |
| Geographic subdivision | United State. |
| -- | 0000171053 |
| 700 1# - ADDED ENTRY--PERSONAL NAME | |
| Personal name | Wheeler, James O. |
| -- | 0000171054 |
| 700 1# - ADDED ENTRY--PERSONAL NAME | |
| Personal name | Aoyama, Yuko. |
| -- | 0000171055 |
| 700 1# - ADDED ENTRY--PERSONAL NAME | |
| Personal name | Warf, Barney. |
| -- | 0000171056 |
| 852 1# - LOCATION | |
| -- | p2729 KEs |
| 852 1# - LOCATION | |
| -- | p3274.70 KEs |
| 852 1# - LOCATION | |
| -- | p3250KEs |
| 852 1# - LOCATION | |
| -- | p3250KEs |
| 852 1# - LOCATION | |
| -- | p3250 KEs |
| 908 ## - PUT COMMAND PARAMETER (RLIN) | |
| Put command parameter | 090928 |
| 950 ## - LOCAL HOLDINGS (RLIN) | |
| -- | 1 |
| Withdrawn status | Lost status | Source of classification or shelving scheme | Not for loan | Home library | Current library | Date acquired | Total Checkouts | Full call number | Barcode | Date last seen | Price effective from | Koha item type |
|---|---|---|---|---|---|---|---|---|---|---|---|---|
| Library of Congress Classification | Kabarak, Main Campus | Kabarak, Main Campus | 17/12/2015 | HT167 .C58 2000 c. 1 | 18184 | 17/12/2015 | 17/12/2015 | General Collection | ||||
| Library of Congress Classification | Kabarak, Main Campus | Kabarak, Main Campus | 17/12/2015 | HT167 .C58 2000 c. 2 | 23226 | 17/12/2015 | 17/12/2015 | General Collection | ||||
| Library of Congress Classification | Kabarak, Main Campus | Kabarak, Main Campus | 17/12/2015 | HT167 .C58 2000 c. 3 | 22867 | 17/12/2015 | 17/12/2015 | General Collection | ||||
| Library of Congress Classification | Kabarak, Main Campus | Kabarak, Main Campus | 17/12/2015 | HT167 .C58 2000 c. 4 | 22135 | 17/12/2015 | 17/12/2015 | General Collection | ||||
| Library of Congress Classification | Kabarak, Main Campus | Kabarak, Main Campus | 17/12/2015 | HT167 .C58 2000 c. 5 | 21947 | 17/12/2015 | 17/12/2015 | General Collection |